Представление документа в формате MARC21

Поле Инд. ПП Название Значение
Тип записи a
Библиографический уровень m
001 Контрольный номер 2e142ef3-6fa3-4fc9-b2c8-53cd7c950a39
005 Дата корректировки 20140703121900.9
008 Кодируемые данные 030604
020 a ISBN 5-8109-0015-1
c Цена, тираж 100.00
040 a Служба первич. каталог. НБ ТвГУ
041 a Код языка текста rus
080 a Индекс УДК 271.22-725(092)"19"
084 a Индекс другой классификации/Индекс ББК Э372.240.9(2)-36
090 a Полочн. индекс Э372.2
x Авторский знак Д16
100 0_ a Автор Дамаскин (Орловский)
q Полное имя Игумен Дамаскин (Орловский)
245 10 a Заглавие Мученики, исповедники и подвижники благочестия Русской Православной Церкви ХХ столетия
b Продолж. заглавия жизнеописания и материалы к ним
n Номер части/ раздела Кн. 2
250 a Основные сведения об издании 2-е изд.
260 0_ a Место издания Тверь
b Издательство Булат
c Дата издания 2001
300 a Объем 526, [1] с.
b Иллюстрации/ тип воспроизводства ил., портр., факс.
504 a Библиография Библиогр. в примеч.: с. 453-522
583 a Действие Получение впервые 116 30.05.2003
k Исполнитель действия Русская Православная Церковь
650 a Основная рубрика Русская Православная Церковь
x Основная подрубрика Жизнеописания
x Основная подрубрика История
y Хронологическая подрубрика 20 в.
653 a Ключевые слова Духовенство
a Ключевые слова Мученичество
a Ключевые слова Русская Православная Церковь
a Ключевые слова Священнослужители
700 0_ a Другие авторы Алексий
b Династический номер II
c Титул (звание) патриарх Московский и всея Руси
e Роль лиц авт. предисл.
888 a За счет средств университета (за наличные)
901 t Тип документа m
952 p 116.2003 100.00 1 766346
c Вид литературы К рн
954 a Дата поступления на обработку 20030618